[Event "Kaufbeuren 2007 Gruppe A"]
[Site "Kaufbeuren"]
[Date "2007.10.20"]
[Round "7"]
[White "Atlanta, Mephisto"]
[Black "Elite 68060 V11, Fidelity"]
[Result "0-1"]
[WhiteElo "2293"]
[BlackElo "2311"]
[PlyCount "90"]
[EventDate "2007.10.20"]
[EventType "tourn"]
[EventCountry "GER"]
[EventCategory "1"]
[SourceDate "2007.10.20"]

1. d4 f5 2. Bg5 g6 3. Nc3 Bg7 4. e4 fxe4 5. Nxe4 d5 6. Nc3 Nf6 7. Nf3 Ne4 8.
Nxe4 dxe4 9. Ne5 Qd6 10. Qd2 c5 11. Bb5+ Nd7 12. Qf4 Rf8 13. Qxe4 Qxd4 14. Qxd4
cxd4 15. Nf3 a6 16. Bd3 Nc5 17. O-O Nxd3 18. cxd3 h6 19. Bh4 Bg4 20. Rae1 g5
21. Nxg5 hxg5 22. Bxg5 Rf7 23. f4 Bf5 24. Rd1 Kd7 25. g3 Rc8 26. h4 e6 27. Rf2
Kd6 28. Kg2 Rfc7 29. Kf3 Rc2 30. Rdd2 Rc1 31. g4 Bh7 32. a3 Rh1 33. f5 exf5 34.
gxf5 Be5 35. Ke4 Rc7 36. Rde2 Rh3 37. Bd2 Rxh4+ 38. Rf4 Bxf4 39. Bxf4+ Kd7 40.
Rh2 Rxh2 41. Bxh2 Rc2 42. Bg1 Rxb2 43. Bxd4 Rh2 44. Bc3 Rh5 45. d4 Bxf5+ 0-1

[Event "Kaufbeuren 2007 Gruppe A"]
[Site "Kaufbeuren"]
[Date "2007.10.20"]
[Round "5"]
[White "Atlanta, Mephisto"]
[Black "Polgar 25 MHz , Mephisto"]
[Result "1-0"]
[WhiteElo "2293"]
[BlackElo "2127"]
[PlyCount "73"]
[EventDate "2007.10.20"]
[EventType "tourn"]
[EventCountry "GER"]
[EventCategory "1"]
[SourceDate "2007.10.20"]

1. d4 d5 2. c4 dxc4 3. Nf3 Nf6 4. e3 e6 5. Bxc4 c5 6. O-O a6 7. Qe2 b5 8. Bb3
Bb7 9. Rd1 Nbd7 10. Nc3 Qc7 11. Bc2 Bd6 12. dxc5 Nxc5 13. e4 Ng4 14. h3 Ne5 15.
Nd4 Ng6 16. Be3 b4 17. Ndb5 axb5 18. Nxb5 Bh2+ 19. Kh1 Qc6 20. Kxh2 O-O 21.
Rac1 Rfc8 22. Bb1 Qb6 23. Nd6 b3 24. axb3 Ba6 25. Qc2 Rcb8 26. Bxc5 Qxb3 27.
Nc8 h6 28. Ne7+ Kh7 29. Qxb3 Rxb3 30. e5 Rxb2 31. Bxg6+ fxg6 32. Rd6 Ra2 33.
Rxe6 Bd3 34. Rd6 Be4 35. Re1 R8a4 36. Nd5 Rc4 37. e6 1-0

[Event "Kaufbeuren 2007 Gruppe A"]
[Site "Kaufbeuren"]
[Date "2007.10.20"]
[Round "3"]
[White "Atlanta, Mephisto"]
[Black "R30 V2.5, TASC."]
[Result "1-0"]
[WhiteElo "2293"]
[BlackElo "2336"]
[PlyCount "83"]
[EventDate "2007.10.20"]
[EventType "tourn"]
[EventCountry "GER"]
[EventCategory "1"]
[SourceDate "2007.10.20"]

1. c4 e5 2. Nc3 Nf6 3. Nf3 Nc6 4. e3 Bb4 5. Qc2 O-O 6. d3 d5 7. cxd5 Nxd5 8.
Be2 Be6 9. O-O Be7 10. Rd1 a6 11. Nxd5 Qxd5 12. b3 Qa5 13. Bd2 Qd5 14. Bc3 Rfd8
15. d4 exd4 16. Nxd4 Nxd4 17. Bxd4 Qa5 18. Rac1 Bd6 19. Bf3 c6 20. Rd3 Qc7 21.
h3 Bf5 22. e4 Be6 23. Rcd1 Bh2+ 24. Kh1 Bf4 25. Qc3 f6 26. Qb4 b5 27. Qc5 Rac8
28. Bc3 Rxd3 29. Rxd3 Re8 30. e5 Bxe5 31. Bxe5 Qxe5 32. Qxc6 Qe1+ 33. Kh2 Qe5+
34. g3 Kf7 35. Re3 Qb2 36. Re2 Qd4 37. Qb7+ Kg6 38. Bh5+ Kxh5 39. Qxg7 h6 40.
g4+ Bxg4 41. hxg4+ Qxg4 42. Qxg4+ 1-0

[Event "Kaufbeuren 2007 Gruppe A"]
[Site "Kaufbeuren"]
[Date "2007.10.20"]
[Round "1"]
[White "Atlanta, Mephisto"]
[Black "Risc 2500, Saitek"]
[Result "1-0"]
[WhiteElo "2293"]
[BlackElo "2239"]
[PlyCount "75"]
[EventDate "2007.10.20"]
[EventType "tourn"]
[EventCountry "GER"]
[EventCategory "1"]
[SourceDate "2007.10.20"]

1. e4 c5 2. c3 e6 3. d4 d5 4. exd5 exd5 5. Nf3 Nc6 6. Bb5 Bd6 7. O-O Nge7 8.
dxc5 Bxc5 9. Nbd2 O-O 10. Nb3 Bd6 11. Re1 Qc7 12. Bg5 f6 13. Be3 Bg4 14. h3 Bf5
15. Nbd4 Bd7 16. Bd3 Nxd4 17. Nxd4 Bh2+ 18. Kh1 Bd6 19. Nf5 Qc6 20. Nxe7+ Bxe7
21. Bxa7 Ba3 22. Bd4 Bxb2 23. Bxh7+ Kxh7 24. Qc2+ Bf5 25. Qxf5+ Kg8 26. Rab1
Rxa2 27. Qc2 Qb5 28. Re6 Rc8 29. Rb6 Qc4 30. R6xb2 Rxb2 31. Qxb2 Rc7 32. Re1
Qa6 33. Qc2 Qc6 34. Qg6 Rf7 35. Kg1 b6 36. g4 Kf8 37. g5 Qd7 38. gxf6 1-0

[Event "Kaufbeuren 2007 Gruppe A"]
[Site "Kaufbeuren"]
[Date "2007.10.20"]
[Round "6"]
[White "Elite 68060 V11, Fidelity"]
[Black "Genius 68030, Mephisto"]
[Result "1-0"]
[WhiteElo "2311"]
[BlackElo "2335"]
[PlyCount "118"]
[EventDate "2007.10.20"]
[EventType "tourn"]
[EventCountry "GER"]
[EventCategory "1"]
[SourceDate "2007.10.20"]

1. d4 Nf6 2. Bf4 d5 3. e3 c5 4. Nc3 e6 5. Bb5+ Nc6 6. Nf3 a6 7. Bxc6+ bxc6 8.
O-O cxd4 9. exd4 c5 10. Ne5 Bb7 11. Na4 Rc8 12. Nxc5 Bxc5 13. dxc5 Rxc5 14. c4
O-O 15. b4 Rc8 16. c5 Ne4 17. f3 Nc3 18. Qd3 d4 19. Bd2 Nb5 20. a4 Nc7 21. Nc4
Qf6 22. b5 axb5 23. Nd6 Bd5 24. axb5 Rb8 25. Ra7 Ne8 26. Ne4 Qf5 27. Rc1 e5 28.
Rca1 f6 29. b6 Rf7 30. Rxf7 Bxf7 31. Ra7 Bd5 32. Bb4 Qf4 33. Nd2 Qg5 34. Nb3
Bc6 35. Qc4+ Kh8 36. Rf7 Nd6 37. cxd6 Bxf3 38. Qc2 Qe3+ 39. Kh1 Be4 40. Qd1 Qh3
41. Qd2 Qxb3 42. Rc7 Qa4 43. h3 Qb5 44. Bc5 Rd8 45. Kh2 Bd5 46. Qd1 Bc6 47. Qh5
Be8 48. Qd1 Bd7 49. b7 Rb8 50. Qa1 Rxb7 51. Rxd7 Rb8 52. Rc7 Rg8 53. d7 Qb8 54.
Bd6 h6 55. Qa6 Qd8 56. Qc4 Kh7 57. Rc8 Qxd7 58. Qxg8+ Kg6 59. Rc7 Qxc7 1-0

[Event "Kaufbeuren 2007 Gruppe A"]
[Site "Kaufbeuren"]
[Date "2007.10.20"]
[Round "3"]
[White "Elite 68060 V11, Fidelity"]
[Black "Polgar 25 MHz , Mephisto"]
[Result "1-0"]
[WhiteElo "2311"]
[BlackElo "2127"]
[PlyCount "151"]
[EventDate "2007.10.20"]
[EventType "tourn"]
[EventCountry "GER"]
[EventCategory "1"]
[SourceDate "2007.10.20"]

1. e4 c6 2. d3 d5 3. Nd2 g6 4. Ngf3 Bg7 5. g3 e5 6. Bg2 Ne7 7. O-O O-O 8. Re1
Nd7 9. b4 a5 10. bxa5 Rxa5 11. Nb3 Ra8 12. exd5 cxd5 13. c3 Ra4 14. Qc2 Ra6 15.
Rb1 f5 16. Ng5 h6 17. Nh3 b6 18. Be3 Bb7 19. f4 e4 20. Nf2 Qc7 21. Nd4 Rc8 22.
Nb5 Qc6 23. Qb3 Kh8 24. Qc2 Ra5 25. Qb2 Rca8 26. Nd4 Qc8 27. Ra1 Ba6 28. Qb4
Bf6 29. Bd2 Qc5 30. dxe4 dxe4 31. Qxc5 Rxc5 32. Kh1 Nd5 33. Nd1 Rcc8 34. a4 Bd3
35. Ra3 Nc5 36. Nb2 Kg7 37. Rd1 b5 38. a5 Ra6 39. Ra2 Rd8 40. Nxd3 Nxd3 41. Rb1
b4 42. c4 Bxd4 43. cxd5 Nf2+ 44. Kg1 Ng4+ 45. Kh1 Rxd5 46. Rxb4 Nf2+ 47. Kg1
Nd1+ 48. Kf1 Bc3 49. Rb7+ Kf6 50. Bxc3+ Nxc3 51. Rc2 Rdxa5 52. Rxc3 Ra1+ 53.
Kf2 R6a2+ 54. Ke3 Re1+ 55. Kd4 Rd2+ 56. Kc5 Rxg2 57. Rb6+ Kf7 58. Rb7+ Ke6 59.
Rb6+ Ke7 60. Rb7+ Ke8 61. Rb8+ Kd7 62. Rb7+ Kc8 63. Kb6+ Kd8 64. Rb8+ Ke7 65.
Rc7+ Kd6 66. Rc6+ Kd7 67. Rb7+ Kd8 68. Ka7 Rd1 69. Rxg6 Kc8 70. Rc6+ Kd8 71.
Rxh6 Ra2+ 72. Kb8 Rd7 73. Rh8+ Ke7 74. Rh7+ Ke6 75. Rhxd7 Rxh2 76. Kc7 1-0

[Event "Kaufbeuren 2007 Gruppe A"]
[Site "Kaufbeuren"]
[Date "2007.10.20"]
[Round "1"]
[White "Elite 68060 V11, Fidelity"]
[Black "R30 V2.5, TASC."]
[Result "1/2-1/2"]
[WhiteElo "2311"]
[BlackElo "2336"]
[PlyCount "84"]
[EventDate "2007.10.20"]
[EventType "tourn"]
[EventCountry "GER"]
[EventCategory "1"]
[SourceDate "2007.10.20"]

1. d4 Nf6 2. Nc3 d5 3. Bg5 Nbd7 4. Nf3 h6 5. Bh4 e6 6. e3 Be7 7. Be2 a6 8. Qd2
g5 9. Bg3 b5 10. a3 Bb7 11. O-O c5 12. Ne5 b4 13. axb4 cxb4 14. Na4 Ne4 15. Qd3
Nxg3 16. fxg3 Nxe5 17. dxe5 h5 18. Qd1 g4 19. Qd4 Qc7 20. Bd3 h4 21. gxh4 Rxh4
22. Qf4 f5 23. exf6 Bd6 24. f7+ Kd7 25. Qg5 Bxh2+ 26. Kf2 Bg3+ 27. Ke2 Rf8 28.
Rf6 Qc6 29. Qg6 d4 30. e4 Bd6 31. Rxe6 Rh2 32. Re8 Kc7 33. Rxf8 Bxf8 34. Qxg4
Qh6 35. Qg3+ Bd6 36. Qf3 Qg5 37. Rg1 Bc8 38. Ke1 Bg4 39. f8=Q Bxf8 40. Qxf8
Qe3+ 41. Kf1 Qc1+ 42. Kf2 Qe3+ 1/2-1/2

[Event "Kaufbeuren 2007 Gruppe A"]
[Site "Kaufbeuren"]
[Date "2007.10.20"]
[Round "8"]
[White "Elite 68060 V11, Fidelity"]
[Black "Risc 2500, Saitek"]
[Result "1-0"]
[WhiteElo "2311"]
[BlackElo "2239"]
[PlyCount "70"]
[EventDate "2007.10.20"]
[EventType "tourn"]
[EventCountry "GER"]
[EventCategory "1"]
[SourceDate "2007.10.20"]

1. Nf3 d5 2. b3 Bg4 3. Bb2 Nd7 4. d4 e6 5. Nbd2 Ngf6 6. Ne5 Nxe5 7. dxe5 Nd7 8.
f3 Bh5 9. e4 Qg5 10. exd5 exd5 11. Qe2 Bc5 12. g4 Bg6 13. h4 Qf4 14. O-O-O d4
15. h5 Bxc2 16. Kxc2 O-O 17. Nc4 Rfe8 18. Bc1 Qg3 19. Rh3 Qg1 20. f4 d3+ 21.
Rhxd3 Nb6 22. Bg2 Qf2 23. Qxf2 Bxf2 24. Bxb7 Rab8 25. Nxb6 Rxb7 26. Nc4 g6 27.
h6 Bc5 28. Rd7 Kf8 29. Na5 Rbb8 30. Nc6 Ra8 31. b4 Bb6 32. Ba3 Kg8 33. b5 Re6
34. Ne7+ Rxe7 35. Bxe7 c6 1-0

[Event "Kaufbeuren 2007 Gruppe A"]
[Site "Kaufbeuren"]
[Date "2007.10.20"]
[Round "8"]
[White "Genius 68030, Mephisto"]
[Black "Atlanta, Mephisto"]
[Result "0-1"]
[WhiteElo "2335"]
[BlackElo "2293"]
[PlyCount "138"]
[EventDate "2007.10.20"]
[EventType "tourn"]
[EventCountry "GER"]
[EventCategory "1"]
[SourceDate "2007.10.20"]

1. e4 e5 2. Nf3 Nc6 3. d4 exd4 4. Nxd4 Nf6 5. Nxc6 bxc6 6. e5 Qe7 7. Qe2 Nd5 8.
c4 Ba6 9. Nd2 Nb4 10. Nf3 d5 11. a3 Bxc4 12. Qd1 Bxf1 13. Kxf1 Na6 14. Qa4 Nb8
15. Bg5 Qe6 16. Rc1 h6 17. Be3 Be7 18. Nd4 Qd7 19. Nxc6 Nxc6 20. Qxc6 Qxc6 21.
Rxc6 Kd7 22. Ra6 c5 23. Ke2 d4 24. Rd1 Kc7 25. Bf4 Kb7 26. Ra4 Rhd8 27. Kd3
Rac8 28. Kc4 Rc6 29. Rd3 Rd7 30. Bg3 g5 31. h3 a6 32. Rf3 Bf8 33. b3 h5 34. Kd3
Rb6 35. Kc4 Re6 36. Kd3 h4 37. Bh2 Rb6 38. Kc4 Ka7 39. Rd3 Rc6 40. Rf3 Re6 41.
Kd3 Rb6 42. Kc4 Kb7 43. Rd3 f6 44. Rd2 fxe5 45. Bxe5 Re6 46. Bh2 Re1 47. Kd3
Rb1 48. Kc2 Rf1 49. Be5 Bh6 50. Kd3 g4 51. Rc2 Rd1+ 52. Ke2 Rg1 53. Kd3 Rd5 54.
Re2 Rxg2 55. hxg4 Be3 56. Ke4 Rxe5+ 57. Kxe5 h3 58. Re1 h2 59. Rh1 Bxf2 60. Kf5
d3 61. Re4 d2 62. Re7+ Kc8 63. Rd1 Rg1 64. Rxd2 h1=Q 65. Re8+ Kc7 66. Re7+ Kc6
67. Re6+ Kb5 68. a4+ Kb4 69. Rb6+ Ka5 0-1

[Event "Kaufbeuren 2007 Gruppe A"]
[Site "Kaufbeuren"]
[Date "2007.10.20"]
[Round "1"]
[White "Genius 68030, Mephisto"]
[Black "Montreux, Mephisto"]
[Result "0-1"]
[WhiteElo "2335"]
[BlackElo "2280"]
[PlyCount "62"]
[EventDate "2007.10.20"]
[EventType "tourn"]
[EventCountry "GER"]
[EventCategory "1"]
[SourceDate "2007.10.20"]

1. e4 c5 2. Nf3 Nc6 3. d4 cxd4 4. Nxd4 Nf6 5. Nc3 d6 6. Bg5 e6 7. Qd2 a6 8.
O-O-O Be7 9. Nb3 b5 10. Bxf6 gxf6 11. Qe3 b4 12. Nb1 Bb7 13. Nc5 Bc8 14. Nd3
Qa5 15. a3 bxa3 16. Nxa3 Bb7 17. Nc4 Qa2 18. Qb6 Rb8 19. Qc7 O-O 20. Nxd6 Ba8
21. c3 Rfd8 22. Ne8 Rxd3 23. Nxf6+ Bxf6 24. Qxb8+ Nxb8 25. Bxd3 Bg5+ 26. Kc2
Bc6 27. f4 Bxf4 28. Bb5 Bxb5 29. g3 Qa4+ 30. Kb1 Bc6 31. Rd8+ Kg7 0-1

[Event "Kaufbeuren 2007 Gruppe A"]
[Site "Kaufbeuren"]
[Date "2007.10.21"]
[Round "5"]
[White "Genius 68030, Mephisto"]
[Black "Sparc, Saitek"]
[Result "1-0"]
[WhiteElo "2335"]
[BlackElo "2187"]
[PlyCount "105"]
[EventDate "2007.10.20"]
[EventType "tourn"]
[EventCountry "GER"]
[EventCategory "1"]
[SourceDate "2007.10.20"]

1. d4 Nf6 2. c4 e6 3. Nf3 b6 4. a3 Ba6 5. Qc2 Bb7 6. Nc3 c5 7. e4 cxd4 8. Nxd4
Bc5 9. Nb3 Nc6 10. Bg5 h6 11. Bh4 Nd4 12. Nxd4 Bxd4 13. Bd3 Qb8 14. O-O Be5 15.
Bg3 Bxg3 16. hxg3 Qe5 17. Nb5 O-O 18. Qc3 Ng4 19. Be2 Qh5 20. Bxg4 Qxg4 21. Nd6
Bc6 22. b4 Rab8 23. c5 bxc5 24. Qxc5 Rb6 25. b5 Ba8 26. a4 f6 27. Rad1 Qe2 28.
a5 Rbb8 29. Rfe1 Qb2 30. Qxa7 Rfd8 31. Qc7 Qe5 32. f4 Qh5 33. a6 Rf8 34. a7
Rbd8 35. Ra1 Kh7 36. b6 Qg6 37. Kf2 Rh8 38. b7 Bxb7 39. Qxb7 Ra8 40. Rec1 f5
41. e5 h5 42. Nc8 Rxa7 43. Rxa7 Qg4 44. Rh1 Rd8 45. Qc7 Rf8 46. Qxd7 Kh6 47.
Rxh5+ Kxh5 48. Ra1 Kg6 49. Qxe6+ Rf6 50. exf6 Kh7 51. Rh1+ Qh5 52. Qd7 Qxh1 53.
Qxg7# 1-0

[Event "Kaufbeuren 2007 Gruppe A"]
[Site "Kaufbeuren"]
[Date "2007.10.20"]
[Round "3"]
[White "Genius 68030, Mephisto"]
[Black "TM London 66 MHz, Mephisto"]
[Result "1-0"]
[WhiteElo "2335"]
[BlackElo "2343"]
[PlyCount "91"]
[EventDate "2007.10.20"]
[EventType "tourn"]
[EventCountry "GER"]
[EventCategory "1"]
[SourceDate "2007.10.20"]

1. e4 e5 2. Nf3 Nc6 3. Bb5 a6 4. Ba4 Nf6 5. O-O Be7 6. Bxc6 dxc6 7. Qe1 Nd7 8.
b3 c5 9. Bb2 Bd6 10. d3 O-O 11. a4 Re8 12. Nbd2 Nb8 13. Nc4 Nc6 14. Qe3 Nd4 15.
Ne1 Qf6 16. Nxd6 cxd6 17. f4 Qh6 18. Qf2 Qh5 19. fxe5 dxe5 20. Nf3 f6 21. Ba3
Bg4 22. Bxc5 Nxf3+ 23. gxf3 Bh3 24. Rfb1 Rac8 25. b4 Rc6 26. Rc1 b6 27. Be3 f5
28. Kh1 fxe4 29. dxe4 Rf8 30. b5 Rd6 31. Rg1 Qxf3+ 32. Qxf3 Rxf3 33. Ra3 axb5
34. axb5 g6 35. c4 Be6 36. c5 bxc5 37. Ra8+ Kg7 38. Bxc5 Rd2 39. b6 Rb2 40.
Ra7+ Rf7 41. Rf1 Rd7 42. Bf8+ Kh8 43. Bh6 Rxa7 44. bxa7 Ra2 45. Rf8+ Bg8 46.
a8=Q 1-0

[Event "Kaufbeuren 2007 Gruppe A"]
[Site "Kaufbeuren"]
[Date "2007.10.20"]
[Round "2"]
[White "Montreux, Mephisto"]
[Black "Atlanta, Mephisto"]
[Result "1/2-1/2"]
[WhiteElo "2280"]
[BlackElo "2293"]
[PlyCount "120"]
[EventDate "2007.10.20"]
[EventType "tourn"]
[EventCountry "GER"]
[EventCategory "1"]
[SourceDate "2007.10.20"]

1. d4 e6 2. e4 d5 3. e5 c5 4. Qg4 Qc7 5. Nf3 cxd4 6. Bd3 Nc6 7. Bf4 Nge7 8. O-O
Ng6 9. Re1 Nxf4 10. Qxf4 Bc5 11. Nbd2 O-O 12. Nb3 Bb6 13. Qh4 h6 14. Nbxd4 Bxd4
15. Nxd4 Nxe5 16. Nb5 Qb8 17. Qe7 Bd7 18. Rxe5 Bxb5 19. Ree1 Re8 20. Qb4 Bxd3
21. cxd3 b5 22. Rac1 a5 23. Qd4 Rc8 24. Rxc8+ Qxc8 25. Qb6 b4 26. Qe3 Qc2 27.
Qe2 Rc8 28. f4 b3 29. Qxc2 Rxc2 30. axb3 Rxb2 31. f5 Rxb3 32. fxe6 fxe6 33.
Rxe6 Rxd3 34. Ra6 Ra3 35. Rd6 Ra2 36. Rxd5 Kf7 37. Rd7+ Kf6 38. Rd6+ Kf5 39.
Rd7 g6 40. Rh7 h5 41. Rf7+ Ke6 42. Rc7 a4 43. Rc6+ Kf7 44. h4 a3 45. Ra6 Ra1+
46. Kf2 a2 47. Kg3 Ke7 48. Kf2 Kd7 49. Kg3 Kc7 50. Kf2 Kb7 51. Ra4 Kb6 52. Ra3
Kc6 53. Ra5 Kd6 54. Kg3 Kc7 55. Ra6 Kb7 56. Ra3 Kc6 57. Ra5 Kd6 58. Kf2 Ke6 59.
Kg3 Kf6 60. Kf2 Kf7 1/2-1/2

[Event "Kaufbeuren 2007 Gruppe A"]
[Site "Kaufbeuren"]
[Date "2007.10.20"]
[Round "9"]
[White "Montreux, Mephisto"]
[Black "Elite 68060 V11, Fidelity"]
[Result "0-1"]
[WhiteElo "2280"]
[BlackElo "2311"]
[PlyCount "101"]
[EventDate "2007.10.20"]
[EventType "tourn"]
[EventCountry "GER"]
[EventCategory "1"]
[SourceDate "2007.10.20"]

1. e4 c5 2. Nf3 Nc6 3. d4 cxd4 4. Nxd4 g6 5. Nc3 Nf6 6. Nxc6 bxc6 7. e5 Ng8 8.
Bc4 Bg7 9. Bf4 Qa5 10. O-O Bxe5 11. Bxe5 Qxe5 12. Re1 Qf4 13. Re4 Qf6 14. Re3
d5 15. Bxd5 cxd5 16. Qxd5 Rb8 17. Ne4 Qe6 18. Nd6+ exd6 19. Qxd6 Rb6 20. Rxe6+
Bxe6 21. Qc7 Kf8 22. Qxa7 Rc6 23. Qd4 f6 24. Qd8+ Kg7 25. Qe8 Rd6 26. Re1 Bf7
27. Qb8 Rd2 28. Qc7 Nh6 29. a4 Re8 30. Kf1 Red8 31. a5 R8d4 32. Re7 Rd1+ 33.
Ke2 Kf8 34. Re4 R4d2+ 35. Kf3 Bd5 36. Kf4 g5+ 37. Kf3 Rd4 38. Qe7+ Kg8 39. Qxf6
Bxe4+ 40. Kg3 Nf5+ 41. Kh3 g4+ 42. Kxg4 Bxc2+ 43. f4 Rd6 44. Qe5 Rg6+ 45. Kh3
Rd3+ 46. g3 Rh6+ 47. Kg4 Nd6 48. Qg5+ Rg6 49. Qxg6+ hxg6 50. b4 Rb3 51. Kg5 0-1

[Event "Kaufbeuren 2007 Gruppe A"]
[Site "Kaufbeuren"]
[Date "2007.10.21"]
[Round "7"]
[White "Montreux, Mephisto"]
[Black "Polgar 25 MHz , Mephisto"]
[Result "1-0"]
[WhiteElo "2280"]
[BlackElo "2127"]
[PlyCount "73"]
[EventDate "2007.10.20"]
[EventType "tourn"]
[EventCountry "GER"]
[EventCategory "1"]
[SourceDate "2007.10.20"]

1. e4 e6 2. d4 d5 3. e5 c5 4. Nf3 Nc6 5. Bd3 cxd4 6. O-O f6 7. Bb5 a6 8. Bxc6+
bxc6 9. Qxd4 c5 10. Qc3 Bd7 11. a4 Rb8 12. b3 Be7 13. Qd3 Qb6 14. Nc3 f5 15.
Rd1 a5 16. Ne2 Bc8 17. Qb5+ Qxb5 18. axb5 Rxb5 19. Nc3 Rb6 20. Rxa5 Bb7 21. Bg5
Bxg5 22. Nxg5 h6 23. Na4 Rc6 24. Nf3 c4 25. Nd4 cxb3 26. cxb3 Rc7 27. Nxe6 Re7
28. Nac5 g5 29. Nxb7 Rxb7 30. Ra8+ Ke7 31. Nc5 Rc7 32. Rxd5 Kf7 33. Rd7+ Ne7
34. Rxh8 Rxc5 35. f4 Rc1+ 36. Kf2 Rc2+ 37. Ke1 1-0

[Event "Kaufbeuren 2007 Gruppe A"]
[Site "Kaufbeuren"]
[Date "2007.10.20"]
[Round "5"]
[White "Montreux, Mephisto"]
[Black "R30 V2.5, TASC."]
[Result "1-0"]
[WhiteElo "2280"]
[BlackElo "2336"]
[PlyCount "76"]
[EventDate "2007.10.20"]
[EventType "tourn"]
[EventCountry "GER"]
[EventCategory "1"]
[SourceDate "2007.10.20"]

1. e4 c6 2. c4 d5 3. exd5 cxd5 4. d4 Nf6 5. Nc3 g6 6. Qb3 Bg7 7. cxd5 O-O 8.
Be2 Nbd7 9. Bf3 Nb6 10. Nge2 Bf5 11. Nf4 g5 12. Nfe2 g4 13. Ng3 Bc2 14. Qxc2
gxf3 15. Nf5 Rc8 16. gxf3 Kh8 17. Nxg7 Kxg7 18. Rg1+ Kh8 19. Qf5 Nfxd5 20. Bh6
Rg8 21. Rxg8+ Qxg8 22. Nxd5 Nxd5 23. Bg7+ Kxg7 24. Qxd5 Kh6 25. Kf1 Qg6 26.
Qxb7 Qd3+ 27. Kg1 Rc2 28. Qxe7 Qxd4 29. Rf1 Kg6 30. Kh1 Qf4 31. Rg1+ Kh5 32.
Rg3 a5 33. Kg2 Rc6 34. Rg4 Qf6 35. Qe4 Kh6 36. Rg3 Rc5 37. Qe3+ Qg5 38. Rxg5
Rxg5+ 1-0

[Event "Kaufbeuren 2007 Gruppe A"]
[Site "Kaufbeuren"]
[Date "2007.10.20"]
[Round "4"]
[White "Polgar 25 MHz , Mephisto"]
[Black "Genius 68030, Mephisto"]
[Result "1/2-1/2"]
[WhiteElo "2127"]
[BlackElo "2335"]
[PlyCount "119"]
[EventDate "2007.10.20"]
[EventType "tourn"]
[EventCountry "GER"]
[EventCategory "1"]
[SourceDate "2007.10.20"]

1. e4 e5 2. Nf3 Nc6 3. Bb5 a6 4. Ba4 Nf6 5. O-O Nxe4 6. d4 b5 7. Bb3 d5 8. dxe5
Be6 9. Qe2 Be7 10. Rd1 O-O 11. c4 bxc4 12. Bxc4 Bc5 13. Be3 Bxe3 14. Qxe3 Qb8
15. Bb3 Na5 16. Nbd2 Qa7 17. Qxa7 Rxa7 18. Rac1 c5 19. Nxe4 Nxb3 20. axb3 dxe4
21. Ng5 e3 22. Nxe6 exf2+ 23. Kxf2 fxe6+ 24. Ke3 Rb7 25. Rd3 Rb5 26. g4 Rfb8
27. Rcc3 a5 28. Kf4 Rb4+ 29. Kg5 Rd4 30. Rh3 Rbb4 31. Rhg3 Rd5 32. Rce3 a4 33.
bxa4 Rxb2 34. Re4 Rxh2 35. Ra3 h6+ 36. Kg6 Rb2 37. a5 Rb4 38. Rae3 Rdd4 39.
Rxd4 Rxd4 40. Rg3 Ra4 41. g5 Rxa5 42. gxh6 gxh6 43. Kf6+ Kf8 44. Kxe6 c4 45.
Rc3 Ra4 46. Kd7 h5 47. Rf3+ Kg7 48. e6 Ra7+ 49. Kd6 Ra2 50. Re3 Kf8 51. Kc5 Ke7
52. Kxc4 Ra5 53. Kb4 Rg5 54. Kc4 h4 55. Kd3 Rb5 56. Ke4 Kxe6 57. Kf4+ Kf6 58.
Kg4 Rb4+ 59. Kh5 Rf4 60. Rh3 1/2-1/2

[Event "Kaufbeuren 2007 Gruppe A"]
[Site "Kaufbeuren"]
[Date "2007.10.20"]
[Round "8"]
[White "Polgar 25 MHz , Mephisto"]
[Black "R30 V2.5, TASC."]
[Result "0-1"]
[WhiteElo "2127"]
[BlackElo "2336"]
[PlyCount "100"]
[EventDate "2007.10.20"]
[EventType "tourn"]
[EventCountry "GER"]
[EventCategory "1"]
[SourceDate "2007.10.20"]

1. c4 e6 2. d4 d5 3. Nc3 c5 4. e3 Nc6 5. Nf3 Nf6 6. a3 cxd4 7. exd4 Be7 8. Bd3
dxc4 9. Bxc4 O-O 10. Bf4 Nd5 11. Bxd5 exd5 12. Qb3 Bg4 13. Ne5 Bg5 14. Bxg5
Qxg5 15. Nxg4 Qxg4 16. O-O Rad8 17. Qxb7 Nxd4 18. f3 Qf5 19. Qxa7 Nb3 20. Rad1
d4 21. Ne4 d3 22. Rfe1 d2 23. Re3 Rb8 24. Qa6 Qd5 25. Qd6 Qxd6 26. Nxd6 Rfd8
27. Nc4 Rbc8 28. Rxb3 Rxc4 29. Kf2 Rc6 30. Rb7 Ra6 31. f4 Kf8 32. g4 Rh6 33.
Kg2 Re6 34. Kf1 Rf6 35. f5 Rh6 36. Kg2 Rc6 37. Kf3 Rh6 38. a4 Rxh2 39. b4 Rd3+
40. Ke4 Rhh3 41. Rb8+ Ke7 42. g5 Rhe3+ 43. Kf4 Re1 44. Rxd2 Rxd2 45. Rb7+ Kd6
46. Rxf7 Rd4+ 47. Kf3 Rxb4 48. Rxg7 Rb3+ 49. Kf4 Rf1+ 50. Kg4 Rb4+ 0-1

[Event "Kaufbeuren 2007 Gruppe A"]
[Site "Kaufbeuren"]
[Date "2007.10.21"]
[Round "6"]
[White "Polgar 25 MHz , Mephisto"]
[Black "Risc 2500, Saitek"]
[Result "0-1"]
[WhiteElo "2127"]
[BlackElo "2239"]
[PlyCount "108"]
[EventDate "2007.10.20"]
[EventType "tourn"]
[EventCountry "GER"]
[EventCategory "1"]
[SourceDate "2007.10.20"]

1. c4 e5 2. Nc3 Nf6 3. Nf3 Nc6 4. g3 Bb4 5. Bg2 O-O 6. O-O e4 7. Ne1 Bxc3 8.
dxc3 h6 9. Nc2 Re8 10. Nd4 Nxd4 11. cxd4 d5 12. cxd5 Bg4 13. h3 Bf5 14. g4 Bh7
15. g5 hxg5 16. Bxg5 Qxd5 17. Bxf6 gxf6 18. e3 Rad8 19. Qa4 a6 20. Rac1 c6 21.
Rc5 Qd7 22. Qa5 Bf5 23. Rxf5 b6 24. Qxa6 Qxf5 25. Qxb6 Qe6 26. Qc7 Ra8 27. Qg3+
Kh7 28. a3 Rab8 29. b4 Ra8 30. Qh4+ Kg7 31. Ra1 f5 32. Kh1 Ra7 33. a4 Rb7 34.
Rg1 Kf8 35. Rb1 Reb8 36. a5 Ke8 37. f3 exf3 38. Bxf3 Rxb4 39. Rxb4 Rxb4 40. Qf4
Kd7 41. a6 Ra4 42. Be2 Ra3 43. h4 Rxe3 44. Bf3 Ra3 45. h5 Rxa6 46. Kg2 Ra4 47.
Kh3 Qf6 48. Be4 Rxd4 49. Bxf5+ Kd8 50. Qb8+ Ke7 51. Qc7+ Kf8 52. Qb8+ Kg7 53.
Qg3+ Kh6 54. Bd3 Qe6+ 0-1

[Event "Kaufbeuren 2007 Gruppe A"]
[Site "Kaufbeuren"]
[Date "2007.10.20"]
[Round "2"]
[White "Polgar 25 MHz , Mephisto"]
[Black "Sparc, Saitek"]
[Result "1-0"]
[WhiteElo "2127"]
[BlackElo "2187"]
[PlyCount "141"]
[EventDate "2007.10.20"]
[EventType "tourn"]
[EventCountry "GER"]
[EventCategory "1"]
[SourceDate "2007.10.20"]

1. e4 d6 2. d4 Nf6 3. Nc3 g6 4. Nf3 Bg7 5. h3 O-O 6. Be3 Nc6 7. d5 Ne5 8. Nxe5
dxe5 9. Bc4 Qd6 10. Qd3 Bd7 11. O-O a6 12. b4 b6 13. Rfb1 a5 14. bxa5 Rxa5 15.
Nb5 Bxb5 16. Bxb5 Rfa8 17. a4 Nd7 18. Qc4 Kh8 19. Bd2 R5a7 20. Bb4 Nc5 21. a5
e6 22. dxe6 Qxe6 23. Bxc5 bxc5 24. Qxe6 fxe6 25. Bc4 Bf6 26. a6 Kg7 27. Kh2 Bh4
28. f3 Bf2 29. Ra3 Kf7 30. Rab3 Kf6 31. Rb7 Rxb7 32. Rxb7 Rd8 33. Rxc7 Be3 34.
Rxh7 Bf4+ 35. g3 Rd2+ 36. Kh1 Rd1+ 37. Kg2 Rd2+ 38. Kg1 Bxg3 39. Rh8 Rd7 40.
Ra8 Bf4 41. a7 Rf7 42. Kf2 Bg5 43. Ke2 Bh6 44. Rh8 Rxa7 45. Rxh6 Ra4 46. Bb5
Ra2 47. Kd2 Ra3 48. Be2 Kg7 49. Rh4 Ra4 50. Rg4 Kf6 51. Rg1 Ra8 52. Bc4 Rh8 53.
Rg3 g5 54. Bb3 Rd8+ 55. Kc3 Rd4 56. Rg1 Rd8 57. Kc4 Rh8 58. Kxc5 Rxh3 59. Rf1
Ke7 60. Kb6 Rh8 61. Rd1 Rf8 62. Rd3 Rf4 63. c4 g4 64. fxg4 Rxe4 65. Rg3 Rd4 66.
c5 Rb4+ 67. Kc7 Rd4 68. g5 Rd7+ 69. Kb6 Rd8 70. c6 Rb8+ 71. Kc7 1-0

[Event "Kaufbeuren 2007 Gruppe A"]
[Site "Kaufbeuren"]
[Date "2007.10.20"]
[Round "2"]
[White "R30 V2.5, TASC."]
[Black "Genius 68030, Mephisto"]
[Result "0-1"]
[WhiteElo "2336"]
[BlackElo "2335"]
[PlyCount "102"]
[EventDate "2007.10.20"]
[EventType "tourn"]
[EventCountry "GER"]
[EventCategory "1"]
[SourceDate "2007.10.20"]

1. e4 c6 2. d4 d5 3. Nc3 dxe4 4. Nxe4 Bf5 5. Ng3 Bg6 6. Bc4 e6 7. N1e2 Nf6 8.
Nf4 Bd6 9. Bb3 Qc7 10. Nxg6 hxg6 11. Qf3 Nbd7 12. O-O Nh5 13. c3 Nxg3 14. fxg3
Nf6 15. Bg5 Rh5 16. Bxf6 Rf5 17. Qe4 Rxf6 18. Qh4 Qd8 19. Qh7 Bf8 20. Qh8 Qe7
21. Rae1 O-O-O 22. Qh3 c5 23. Qh4 cxd4 24. cxd4 Rf5 25. Qe4 Kb8 26. Qe3 Qb4 27.
Rd1 Qb6 28. Rf2 Rc8 29. Rc2 Rxc2 30. Bxc2 Rf6 31. Be4 Bd6 32. Rd3 Qxb2 33. Rb3
Qxa2 34. Rxb7+ Kc8 35. Qc1+ Kd8 36. Bf3 Rf5 37. Qc3 Qa6 38. Qb2 g5 39. g4 Ra5
40. Be2 Ra1+ 41. Kf2 Qa5 42. Rxf7 Bxh2 43. Kf3 Qd5+ 44. Ke3 Ra2 45. Qb4 Bd6 46.
Qc4 Bf4+ 47. Rxf4 gxf4+ 48. Kxf4 e5+ 49. Kf5 Qxc4 50. Bxc4 Ra4 51. Bd3 exd4 0-1